Descubrir el transporte aéreo y el medio ambiente
Saved in:
| Main Authors: | , |
|---|---|
| Format: | Book |
| Language: | Spanish |
| Published: |
Madrid
Centro de Documentación y Publicaciones
2012
|
| Edition: | 1a. ed |
| Subjects: | |
| Tags: |
Add Tag
No Tags, Be the first to tag this record!
|
MARC
| LEADER | 00000cam a2200000 a 4500 | ||
|---|---|---|---|
| 001 | UCB0284 | ||
| 003 | CL-VaPUC | ||
| 005 | 20240603113605.0 | ||
| 008 | 191227e20120000sp spa d | ||
| 020 | |a 9788415616559 | ||
| 082 | 0 | 4 | |a 387.70946 |b BEN |2 21 |
| 100 | 1 | |a Benito Ruiz de Villa, Arturo |e author |9 608579 | |
| 700 | 1 | |a Benito Ruiz, Elisa |e author |9 608580 | |
| 245 | 1 | 0 | |a Descubrir el transporte aéreo y el medio ambiente |
| 250 | |a 1a. ed | ||
| 260 | |a Madrid |b Centro de Documentación y Publicaciones |c 2012 | ||
| 300 | |a 144 p | ||
| 583 | |a last modification |c 20191227 14:41:00 |k cmena | ||
| 650 | 0 | 0 | |a Transportes aéreos |9 260842 |
| 650 | 0 | 7 | |a LINEAS AEREAS |2 CL-VaPUC |9 608581 |
| 942 | |c BK | ||
| 945 | |a dcastane |d 20191227 14:41:00 | ||
| 546 | |a En Español | ||
| 999 | |c 1577 |d 1577 | ||
| 952 | |0 0 |1 0 |3 erb |4 0 |6 387_709460000000000_BEN_2012 |7 0 |8 ? |9 496053 |a BIBING |b BIBING |d 2019-10-01 |e 64 |g 45205.00 |i 5562236 |o 387.70946 BEN 2012 |p 5562236 |r 2025-01-20 |v 45205.00 |w 2020-01-17 |y BK |z Catalogado en:20191227 |k TRA | ||
| 952 | |0 0 |1 0 |3 erb |4 0 |6 387_709460000000000_BEN_2012 |7 0 |8 ? |9 496054 |a BIBING |b BIBING |d 2019-10-01 |e 64 |g 45205.00 |i 5562244 |o 387.70946 BEN 2012 |p 5562244 |r 2025-01-20 |v 45205.00 |w 2020-01-17 |y BK |z Catalogado en:20191227 |k TRA | ||